01004nas a2200241Ia 4500001001100000003000900011008004100020040001300061040001300074041001300087100003800100210002300138222002300161245009900184250001100283260002100294501008600315300001000401310001200411362003300423500027000456650003600726R026/43511IT-RoPAU151124c99999999xx |||||||||||| ||und|| aIT-RoPAU cIT-RoPAU aITALIANO aAA.VV. gCodice Aut. SPICS: 12000 aNOSTRO CINEMA (IL) aNostro Cinema (Il) aNOSTRO CINEMA (IL), ANNO 15-N.169 (MARZO 1977)bNostro Cinema (Il), Anno 15-N.169 (Marzo 1977) a1a ed. aROMAbACECc1977 bPaulus - SPICS - Società San Paolo EM (non-commercial uses only)cCopyright2015 a12 p. aMENSILE aANNO 015, N.169 (MARZO 1977) aPubblicità nella Comunicazione Sociale: Tema della Xi Giornata Mondiale Delle Comunicazioni Sociali il 22 Maggio 1977. Pubblicità nella Communio Etprogressio. Informazione, Propaganda e Pubblicità. Violenza e Libertà nella Pubblicità Televisiva. Pubblicit aCINEMAvPUBBLICAZIONE PERIODICA